| 000 | 00610nam a2200253Ia 4500 | ||
|---|---|---|---|
| 008 | 170711s9999 xx 000 0 und d | ||
| 020 | _a9717471495 | ||
| 050 | _a1.4 | ||
| 050 | _bK96 1996 | ||
| 100 | _aKumar, Ranjit | ||
| 245 | _aResearch methodology : | ||
| 245 | _ba step-by-step guide for beginners / | ||
| 245 | _cby Ranjit Kumar. | ||
| 260 | _aAustralia : | ||
| 260 | _bLongman, | ||
| 260 | _c1996 | ||
| 300 | _axvi, 276 pages : | ||
| 300 | _billustrations ; | ||
| 300 | _c24cm. | ||
| 500 | _aIncludes index. | ||
| 650 | _aResearch -- | ||
| 650 | _xMethodology. | ||
| 700 | _aTitle. | ||
| 999 |
_c339556 _d339556 |
||